000 00683nam a2200217Ii 4500
003 JO-AjNU
008 230605s9999||||xx |||||||||||||| ||und||
017 _a2018/8/3903
040 _aJO-AjNU
_bara
_erda
_cJO-AjNU
041 _aara
050 1 4 _aHB72.B36333.2019
100 3 _aبني هاني،عبدالرزاق,
_eauthor
_959547
245 0 0 _aرأسمالية المعرفة=Knowledge Capitalism
250 _aالطبعة الاولى
264 3 1 _aعمان: جامعة جرش 2019
300 _a119ص
336 _atext
_btxt
_2rdacontent
337 _aunmediated
_bn
_2rdamedia
338 _avolume
_bnc
_2rdacarrier
650 4 _aالاقتصاد -التنمية
_959548
999 _aA26802
_c30370
_d30370